000 02058nam0a2200361 4500
001 RU\NLR\BIBL_A\012739359
005 20250624135806.0
010 _a978-5-7679-4858-1
_9100
021 _aRU
_b2021-85757
_9КН-П-6827
035 _a(RuMoRGB)010912909
035 _a(NLR Aleph) 012739359
090 _a12997388
_c12997388
100 _a20220324d2021 |||y0rusy50 ca
101 0 _arus
102 _aRU
105 _aa|||z|||000zy
181 0 _ai
_baxxe
182 0 _an
200 1 _aОсобенности агрессивности у вьетнамских и русских молодых людей
_eнаучно-практическое пособие
_fНго Дык Тай
203 _aТекст
_bвизуальный
_cнепосредственный
210 _aТула
_cИзд-во ТулГУ
_d2021
215 _a96 с.
_cил., табл.
_d20
320 _aБиблиогр.: с. 75-77 (44 назв.) и в подстроч. примеч.
330 _aМатериалы выпуска могут представлять интерес для научных работников, профессорско-преподавательского состава, педагогов-психологов, аспирантов, студентов психологических высших учебных заведений
606 1 _aСтуденты вьетнамские
_jПрактические пособия
_xАгрессивность
_xПсихологические исследования
_yРоссийская Федерация
_92510336
_3RU\NLR\AUTH\6601703268
606 1 _aМолодежь
_jПрактические пособия
_xСоциально-психологические исследования
_yРоссийская Федерация
_92147099
_3RU\NLR\AUTH\661598099
686 1 _aЮ936.2-81я7
686 1 _aС550.325.1я7
700 1 _aНго Дык Тай
942 _cBOOK
980 _aNB